LEADER 01683nam a2200361 a 4500 001 000000129106 003 CaOOAMICUS 005 20120528172206.0 008 120528s2004 it u001 u ita r 020 $a978-88-7462-389-1 040 $aPUL$bita 082 04$a169 100 1 $aMelandri, Enzo.$0(OLS)http://pul/name/82623 245 13$aLa linea e il circolo :$bstudio logico-filosofico sull'analogia /$cEnzo Melandri ; con un saggio introduttivo do Giorgio Agamben ; appendice a cura di Stefano Besoli e Roberto Brigati ; bibliografia degli scritti di Enzo Melandri a cura di Salvatore Limongi. 260 $aMacerata :$bQuodlibet,$c2004. 300 $aXXXV, 883 p. ;$c23 cm 490 1 $aQuaderni Quodlibet ;$v18 500 $aInclude indice. 504 $aBibliografia in nota 650 4$aAnalogia (filosofia).$0(OLS)http://pul/subject/20338 700 1 $aAgamben, Giorgio,$d1942-$0(OLS)http://pul/name/59152 700 1 $aBesoli, Stefano.$0(OLS)http://pul/name/78766 700 1 $aBrigati, Roberto.$0(OLS)http://pul/name/34586 700 1 $aLimongi, Salvatore.$0(OLS)http://pul/name/82625 830 0$aQuaderni Quodlibet ;$v18.$0(OLS)http://pul/title/82322 850 $aPUL 852 $aPUL$W1$xSL Filosofia 3$y81$m169 MELEN 1$j149481$qDDC 21$B148021$CPULBib$Z2$F148021 $H119748 $81 941 1 $a9 996 $6020$a978-88-7462-389-1$9(OLS)http://pul/number/149842 996 $6082$a169$9(OLS)http://pul/classification/2280 996 $6245$aLa linea e il circolo :$bstudio logico-filosofico sull'analogia$9(OLS)http://pul/title/163134 996 $6260$aMacerata :$bQuodlibet$9(OLS)http://pul/publisher/70121 LEADER 01852nam a2200349 a 4500 001 000000122550 003 CaOOAMICUS 005 20100721102106.0 008 100721c2007 vc u000 u fre r 020 $a978-88-209-7998-0 040 $aPUL$bita$dReb 041 1 $afre$alat 082 04$a261.8 110 2 $aPapi (1963-1978 : Paulus PP. VI).$0(OLS)http://pul/name/5329 240 10$aPopulorum progressio$lFrancese.$0(OLS)http://pul/title/154424 245 10$aLettres encycliques Populorum progressiode sa Sainteté le Pape Paul VI et Sollicitudo rei socialis de sa Sainteté le Pape Jean-Paul II /$c[introduzione di Renato Raffaele card. Martino]. 260 $aCittà del Vaticano :$bLibreria editrice vaticana,$c©2007. 300 $a151 p. ;$c23 cm 500 $aSulla coperta: Counseil Pontifical "justice et paix". 504 $aBibliografia in nota. 700 1 $aMartino, Renato Raffaele,$ccard.,$d1932-$0(OLS)http://pul/name/53621 710 2 $aPontificio consiglio della giustizia e della pace.$0(OLS)http://pul/name/20814 710 2 $aPapi (1978-2005 : Iohannes Paulus PP. II)$tSollicitudo rei socialis.$0(OLS)http://pul/name/33438 850 $aPUL 852 $aPUL$W1$xSL Religione 3$y85$m261. 8 PCGP 11$j140750$qDDC 21$B139838$CPULBib$Z2$F139838 $H114608 $82 900 $aPaulus PP.$bVI,$cs.,$d1897-1978$95329 900 $aPaulus PP.$bVI,$cs.,$d1897-1978$95329 941 1 $a9 996 $6020$a978-88-209-7998-0$9(OLS)http://pul/number/144947 996 $6082$a261.8$9(OLS)http://pul/classification/367 996 $6245$aLettres encycliques Populorum progressiode sa Sainteté le Pape Paul VI et Sollicitudo rei socialis de sa Sainteté le Pape Jean-Paul II$9(OLS)http://pul/title/154423 996 $6260$aCittà del Vaticano :$bLibreria editrice vaticana$9(OLS)http://pul/publisher/47920